Największe miasta w Wielkiej Brytanii - Statystyki

Ogólne statystyki
  • Ten quiz został rozwiązany 6 226 razy
    5 881 od ostatniego zresetowania
  • Średni wynik to 8 z 15
Statystyki odpowiedzi
Liczba ludności Miasto % Poprawnych
8 888 608 Londyn
100%
560 392 Manchester
94%
576 561 Liverpool
89%
1 161 258 Birmingham
76%
631 690 Glasgow
72%
505 310 Edynburg
67%
349 780 Cardiff
57%
515 947 Leeds
53%
340 000 Belfast
45%
586 781 Bristol
33%
487 837 Leicester
31%
306 573 Nottingham
31%
525 142 Sheffield
27%
355 703 Coventry
13%
370 185 Bradford
7%
Nie znaleziono quizów pasujących do podanych kryteriów
Rozkład punktacji
Procent ludzi z każdym wynikiem
Percentyl według liczby udzielonych odpowiedzi
Twoja historia wyników
Nie rozwiązałeś tego quizu od ostatniego zresetowania